Ana Pauker
| Titel: | Ana Pauker : the rise and fall of a Jewish Communist / Robert Levy |
|---|---|
| Verfasser: | |
| Veröffentlicht: | Berkeley, Calif. [u.a.] : Univ. of California Press, 2001 |
| Umfang: | XII, 407 S. |
| Format: | Buch |
| Sprache: | Englisch |
| RVK-Notation: |
·
·
|
| ISBN: | 0520223950 |
| Hinweise zum Inhalt: |
Inhaltsverzeichnis
|
alg: 9631887
001A $06053:12-03-01
001B $01999:19-05-23 $t20:30:22.000
001C $00030:20-05-15 $t17:44:36.000
001D $03004:09-12-13
001U $0utf8
001X $00
002@ $0Aau
003@ $0096318872
003O $043254266 $aOCoLC
004A $00-520-22395-0 $fUSD 35.00 Hardbound book
006A $099087890
006H $0R3225085
007A $0096318872 $aHEB
007G $0DE0064357A4C5175716B2C1257A360044A9B2
009P $qapplication/pdf $A2 $3Inhaltsverzeichnis $uhttp://scans.hebis.de/HEBCGI/show.pl?09631887_toc.pdf $mV:DE-603;B:DE-30
010@ $aeng
011@ $a2001 $n2001
013H $0z
021A $aAna Pauker $dthe rise and fall of a Jewish Communist $hRobert Levy
028A $7123269059 $8Levy, Robert$Z1957- [Tp3] $915422877X
033A $pBerkeley, Calif. {[u.a.] $nUniv. of California Press
034D $aXII, 407 S.
041K $027781820 $aCommunism
041K/01 $039401040 $aJewish studies
041K/02 $039510000 $aWomen
041K/03 $097167535 $aDR 201-296 History of Romania
044K $#Pauker, Anna $7119407205 $8Pauker, Ana$Z1893-1960 [Tp1] $9087746964
045A $aDR267.5
045B $a949.8031092 $ALoC $eDDC21oclc
045F $a909 $eDDC23BSB
045F/01 $a909
045F/03 $f0904
045F/03 $g498
045G $a909.0492409498 $eDDC23BSB
045G/01 $a909.04924
045G/03 $g498
045Z $8MG 94375 [Tkv] $9410566616
045Z $8NQ 8230 [Tkv] $9410919349
045Z $8NY 9000 [Tkv] $9410953628
lok: 9631887 3
101B $022-04-04 $t13:38:38.000
101C $016-01-02
144Z/20 $aj02jan
145S/06 $a770
145Z/01 $a900 Ad 0100 Pauker, A.
101U $0utf8
exp: 9631887 3 1 #EPN
201B/01 $022-04-04 $t13:38:38.000
201C/01 $005-11-01
203@/01 $0164733205
208@/01 $a28-11-01 $bzAa
209A/01 $a13.123.12 $du $f000 $h13 123 12 $x00
209G/01 $a13123128 $x00
247C/01 $8601000-3 <30>Frankfurt, Universitätsbibliothek J. C. Senckenberg, Zentralbibliothek (ZB) $9102598258
201U/01 $0utf8
lok: 9631887 24
101B $020-01-14 $t08:25:30.000
101C $020-01-14
101U $0utf8
145Z/01 $a55 7 R
145Z/02 $a55 7 Mk
145Z/03 $a55 3 F
145Z/04 $a55 7 Ms
exp: 9631887 24 1 #EPN
201B/01 $020-01-14 $t08:25:30.000
201C/01 $009-12-13
201U/01 $0utf8
203@/01 $0724452338
208@/01 $a20-01-14 $bz
209A/01 $a13.11220 $du $f050 $h13 11220 $x00
209C/01 $a13.11220 K $h13 11220 K
209G/01 $a73399254 $x00
220C/01 $asem/hae
244Z/01 $#Pauker, Anna $7119407205 $8--Tp1--Pauker, Ana$Z1893-1960 $x01 $9087746964
247C/01 $8358050-7 Marburg, Bibliothek des Herder-Instituts Marburg $9102600961
| LEADER | 00000cam a2200000 c 4500 | ||
|---|---|---|---|
| 001 | 096318872 | ||
| 003 | DE-603 | ||
| 005 | 20230519203022.0 | ||
| 007 | tu | ||
| 008 | 010312s2001 xx |||| | u00||u|eng c | ||
| 010 | |a 99087890 | ||
| 020 | |a 0520223950 |c USD 35.00 Hardbound book | ||
| 035 | |a (DE-599)HEB096318872 | ||
| 035 | |a (OCoLC)43254266 | ||
| 040 | |a DE-603 |b ger |c DE-603 |d DE-603 | ||
| 041 | |a eng | ||
| 050 | 0 | |a DR267.5 | |
| 082 | 0 | 4 | |8 1\u |a 909 |q DE-101 |2 23/BSB |
| 083 | 0 | |8 2\u |a 909.0492409498 |q DE-101 |2 23/BSB | |
| 083 | 7 | |8 3\p |a 949.8031092 |2 21/oclc | |
| 084 | |a MG 94375 |0 (DE-625)122874:12123 |0 (DE-603)410566616 |2 rvk | ||
| 084 | |a NQ 8230 |0 (DE-625)128962: |0 (DE-603)410919349 |2 rvk | ||
| 084 | |a NY 9000 |0 (DE-625)132375: |0 (DE-603)410953628 |2 rvk | ||
| 085 | |8 1\u |b 909 | ||
| 085 | |8 1\u |z 1 |s 0904 | ||
| 085 | |8 1\u |z 2 |s 498 | ||
| 085 | |8 2\u |b 909.04924 | ||
| 085 | |8 2\u |z 2 |s 498 | ||
| 100 | 1 | |a Levy, Robert |d 1957- |0 (DE-603)15422877X |0 (DE-588)123269059 |2 gnd | |
| 245 | 0 | 0 | |a Ana Pauker |b the rise and fall of a Jewish Communist |c Robert Levy |
| 264 | 1 | |a Berkeley, Calif. [u.a.] |b Univ. of California Press |c 2001 | |
| 300 | |a XII, 407 S. | ||
| 600 | 1 | 7 | |a Pauker, Ana |d 1893-1960 |0 (DE-588)119407205 |0 (DE-603)087746964 |2 gnd |
| 856 | 4 | 2 | |m V:DE-603;B:DE-30 |q application/pdf |u http://scans.hebis.de/HEBCGI/show.pl?09631887_toc.pdf |3 Inhaltsverzeichnis |
| 883 | 0 | |8 3\p |q LoC | |
| 924 | 0 | |9 30 |a (DE-603)164733205 |b DE-30 |c HES |d c |g 13.123.12 | |
| 924 | 0 | |9 Mb 50 |a (DE-603)724452338 |b DE-Mb50 |c HES |d c |g 13.11220 | |


